000 00682cam a2200157 4500500
005 20260419004929.0
041 _afre
042 _adc
100 1 0 _aBonnafé, Lucien
_eauthor
245 0 0 _aLégiférer sur les fous
260 _c2003.
500 _a84
520 _aRésuméArchives : VST n? 142 août/septembre 1982. Hubert Mignot vient de mourir. Images : le 12 octobre 1981, Lucien Bonnafé et Hubert Mignot accompagnent Jack Ralite à Sotteville-lès-Rouen.
786 0 _nVST - Vie sociale et traitements | 78 | 2 | 2003-05-01 | p. 34-37 | 0396-8669
856 4 1 _uhttps://shs.cairn.info/revue-vie-sociale-et-traitements-2003-2-page-34?lang=fr&redirect-ssocas=7080
999 _c2215715
_d2215715